| 000 -ლიდერი |
| ფიქსირებული სიგრძის საკონტროლო ველი |
01751nam a2200265Ia 4500 |
| 001 - საკონტროლო ნომერი |
| საკონტროლო ველი |
20206 |
| 003 - საკონტროლო ნომრის იდენტიფიკატორი |
| საკონტროლო ველი |
GE_BSU |
| 005 - ბოლო ოპერაციის თარიღი და დრო |
| საკონტროლო ველი |
20200610193014.0 |
| 008 - ფიქსირებული სიგრძის მონაცემთა ელემენტები - ზოგადი ინფორმაცია |
| ფიქსირებული სიგრძის საკონტროლო ველი |
181216s2012||||ge |||||||||||||| ||geo|| |
| 010 ## - კონგრესის ბიბლიოთეკის საკონტროლო ნომერი |
| LC საკონტროლო ნომერი |
9789941103483 |
| 040 ## - კატალოგიზაციის წყარო |
| Transcribing agency |
GE_BSU |
| 041 ## - ენის კოდი |
| Language code of text/sound track or separate title |
geo |
| 080 ## - უნივერსალური ათობითი კლასიფიკაციის ინდექსი |
| Universal Decimal Classification number |
616.65.002 წ-58 |
| 245 ## - ცნობა სათაურის შესახებ |
| Title |
წინამდებარე ჯირკვლის (პროსტატის) სიმსივნეების მედიკო-ბიოლოგიური ასპექტები : |
| Remainder of title |
[მონოგრაფია] / |
| Statement of responsibility, etc |
ავტ. : თ. ჩიგოგიძე, ნ. კოტრიკაძე, ლ. მანაგაძე, მ. ალიბეგაშვილი [და სხვ] ; რედ. ვლადიმერ სულხანიშვილი. |
| 264 ## - წარმოების, გამოცემის, დისტრიბუციის და სხვა ცნობები |
| გამოცემის, წარმოების, დისტრიბუციის... ადგილი |
თბილისი : |
| გამოცემის, წარმოების, დისტრიბუციის... სახელწოდება |
მერიდიანი, |
| გამოცემის, წარმოების, დისტრიბუციის... თარიღი |
2012. |
| 300 ## - ფიზიკური აღწერა |
| Extent |
272 გვ. ; |
| Other physical details |
ილ., ცხრ. ; |
| Dimensions |
29 სმ. |
| 653 ## - INDEX TERM--UNCONTROLLED |
| Uncontrolled term |
მედიცინა |
| 653 ## - INDEX TERM--UNCONTROLLED |
| Uncontrolled term |
პროსტატის სიმსივნური ტრანსფორმაციის გამომწვევი და განვითარების უჯრედული და მოლეკულური მექანიზმების შესახებ |
| 700 ## - ADDED ENTRY--PERSONAL NAME |
| Personal name |
ჩიგოგიძე, თ. |
| Relator term |
ავტორი |
| 9 (RLIN) |
8330 |
| 700 ## - ADDED ENTRY--PERSONAL NAME |
| Personal name |
კოტრიკაძე, ნ. |
| Relator term |
ავტორი |
| 9 (RLIN) |
8331 |
| 700 ## - ADDED ENTRY--PERSONAL NAME |
| Personal name |
მანაგაძე, ლ. |
| Relator term |
ავტორი |
| 9 (RLIN) |
8332 |
| 700 ## - ADDED ENTRY--PERSONAL NAME |
| Personal name |
ალიბეგაშვილი, მ. |
| Relator term |
ავტორი |
| 9 (RLIN) |
8333 |
| 700 ## - ADDED ENTRY--PERSONAL NAME |
| Personal name |
სულხანიშვილი, ვლადიმერ |
| Relator term |
რედაქტორი |
| 9 (RLIN) |
8334 |
| 942 ## - ADDED ENTRY ELEMENTS (KOHA) |
| Koha item type |
წიგნი |
| Source of classification or shelving scheme |
|